|
|
|
|
| LEADER |
01449nam a2200361 a 4500 |
| 001 |
EBC991927 |
| 003 |
MiAaPQ |
| 005 |
20200520144314.0 |
| 006 |
m o d | |
| 007 |
cr cn||||||||| |
| 008 |
120813s2011 sz a sb 000 0 spa d |
| 020 |
|
|
|z 9789223253370
|
| 020 |
|
|
|z 9789223253387 (e-book)
|
| 035 |
|
|
|a (MiAaPQ)EBC991927
|
| 035 |
|
|
|a (Au-PeEL)EBL991927
|
| 035 |
|
|
|a (CaPaEBR)ebr10583470
|
| 035 |
|
|
|a (OCoLC)821874396
|
| 040 |
|
|
|a MiAaPQ
|c MiAaPQ
|d MiAaPQ
|
| 050 |
|
4 |
|a JZ1318
|b .P57 2011
|
| 245 |
0 |
0 |
|a Piso de Proteccion Social para una globalizacion equitativa e inclusiva
|h [electronic resource] :
|b Informe del Grupo consultivo presidido por Michelle Bachelet Convocado por la OIT con la colaboracion de la OMS.
|
| 250 |
|
|
|a 1. ed.
|
| 260 |
|
|
|a Ginebra :
|b Oficina Internacional del Trabajo,
|c 2011.
|
| 300 |
|
|
|a xxxv, 132 p. :
|b col. ill.
|
| 504 |
|
|
|a Includes bibliographical references.
|
| 533 |
|
|
|a Electronic reproduction. Ann Arbor, MI : ProQuest, 2015. Available via World Wide Web. Access may be limited to ProQuest affiliated libraries.
|
| 650 |
|
0 |
|a Globalization
|x Social aspects.
|
| 650 |
|
0 |
|a Law and globalization.
|
| 655 |
|
4 |
|a Electronic books.
|
| 700 |
1 |
|
|a Bachelet, Michelle.
|
| 710 |
2 |
|
|a World Health Organization.
|
| 710 |
2 |
|
|a International Labour Organization.
|
| 710 |
2 |
|
|a ProQuest (Firm)
|
| 856 |
4 |
0 |
|u https://ebookcentral.proquest.com/lib/matrademy/detail.action?docID=991927
|z Click to View
|